| 000 | 00440nam a2200181Ia 4500 | ||
|---|---|---|---|
| 003 | OSt | ||
| 005 | 20240716114208.0 | ||
| 008 | 230107s9999||||xx |||||||||||||| ||und|| | ||
| 020 | _a996622582X | ||
| 040 | _cChuka University Library | ||
| 050 |
_aPL 8704 _b.A74C43 2007 |
||
| 100 |
_aArege, Timothy M. _9207 |
||
| 245 | 0 | _aChamchela | |
| 260 |
_aNairobi _bJKF _c2007 |
||
| 300 | _a79p | ||
| 650 | _aSwahili fiction | ||
| 942 |
_cBK _2lcc _n0 |
||
| 999 |
_c15343 _d15343 |
||